Meilleurs rebondeurs NBA en carrière - Statistiques

Statistiques générales
  • Ce quiz a été pris 198 fois
    15 depuis la dernière actualisation
  • Le résultat moyen est 16 sur 50
Statistiques - réponses
Hint Réponse % Correct
11986* Lebron James
93%
13748^ Hakeem Olajuwon
86%
13099^ Shaquille O'neal
86%
23924^ Wilt Chamberlain
86%
17440^ Kareem Abdul-Jabbar
79%
15091^ Tim Duncan
79%
10848* DeAndre Jordan
71%
14968^ Karl Malone
71%
16212^ Moses Malone
71%
10424* Rudy Gobert
71%
21620^ Bill Russell
64%
10497^ David Robinson
64%
12359^ Dikembe Mutombo
64%
11489^ Dirk Nowitzki
57%
11607^ Patrick Ewing
57%
11305^ Pau Gasol
57%
11954^ Dennis Rodman
50%
10482^ Ben Wallace
43%
12546^ Charles Barkley
43%
14715^ Robert Parish
43%
11385* Andre Drummond
36%
14627 Dwight Howard
36%
14662^ Kevin Garnett
36%
11463^ Elgin Baylor
29%
16279^ Elvin Hayes
21%
9708* Kevin Love
21%
14464^ Nate Thurmond
21%
13769^ Wes Unseld
21%
10400 Bill Laimbeer
14%
11256^ Dolph Schayes
14%
9698^ Bob Lanier
7%
12849^ Bob Pettit
7%
13017 Buck Williams
7%
10444^ Dave Cowens
7%
10101 Shawn Marion
7%
10467 Tyson Chandler
7%
10208 Zach Randolph
7%
11054 Bill Bridges
0%
12205 Charles Oakley
0%
9618^ Dave DeBusschere
0%
10816^ Jack Sikma
0%
12942^ Jerry Lucas
0%
10092 Johnny Kerr
0%
11901 Kevin Willis
0%
9513 Marcus Camby
0%
10686* Nikola Vucevic
0%
10370 Otis Thorpe
0%
12357 Paul Silas
0%
9687 Sam Lacey
0%
14241^ Walt Bellamy
0%
Aucun quiz correspondant
Distribution des résultats
% des personnes avec chaque résultat
Percentile par nombre de réponses
Votre historique - résultats
Vous n’avez pas pris ce quiz depuis la dernière actualisation